Statistiques concernant Les 20 personnages les plus connus du monde

Cliquez ici pour prendre le quiz!

Statistiques générales

  • Ce quiz a été pris 467 fois
  • Le résultat moyen est 4 sur 15

Statistiques - réponses

IndiceRéponse% Correct
Football / PortugalCristiano Ronaldo
86%
Présidence / USABarack Obama
57%
Présidence / USADonald Trump
54%
Basketball / USAMichael Jordan
42%
Histoire / TibetDalai Lama
28%
Football / ArgentineDiego Maradona
28%
Musique / CanadaJustin Bieber
24%
Industries / USABill Gates
20%
Présidence / RussieVladimir Putin
20%
Acteur / SamoaDwayne Johnson
19%
Porno / USALana Rhoades
15%
Musique / USABeyoncé
11%
Actrice / USAAngelina Jolie
8%
Industries / ChineXi Jinping
4%
Gouvernement / IndeNarendra Modi
2%

Distribution des résultats

Percentile par nombre de réponses

% des personnes avec chaque résultat

Votre développement - résultats

Vous n’avez pas pris ce quiz